LEADER 01037nam a2200229 i 4500 001 000000215638 003 CaOOAMICUS 005 20120830000000.0 008 120830n it u000 u ita u 013 $a194513 040 $aSeMil$bita 100 1 $aMarcora, Carlo,$c.$0(OLS)http://semarc/name/7153 245 10$aFonti per la storia della Pieve di Monza /$cCarlo Marcora. 260 $aMilano :$bTip. De Silvestri di Baldini e Ghezzi,$c[195-?] 300 $a69 p., [6[ c. di tav. ;$c24 cm . 490 0 $aFonti per la storia delle pievi della diocesi di Milano 650 4$aMonza - Storia.$0(OLS)http://semarc/subject/19 830 0$aFonti per la storia delle pievi della diocesi di Milano.$0(OLS)http://semarc/title/18428 850 $aSeMil 852 $aSeMil$W1$xVenegono$y1$m3P III 133$j166058$B166058$CSeMilBibl$Z2$F177007 $81 996 $6245$aFonti per la storia della Pieve di Monza$9(OLS)http://semarc/title/291559 996 $6260$aMilano :$bTip. De Silvestri di Baldini e Ghezzi$9(OLS)http://semarc/publisher/33754 LEADER 00644nam a2200193 i 4500 001 000000109512 003 CaOOAMICUS 005 20021107000000.0 008 021107n it u000 u ita u 013 $a82192 040 $aSeMil$bita 100 1 $aGrana, Gianni.$0(OLS)http://semarc/name/3991 245 10$a6. 300 $aVIII, P. 4900-5872, ill. 773 0 $tLetteratura italiana. Novecento.$dMilano : Marzorati, copyr. 1979.$w()7773 850 $aSeMil 852 $aSeMil$W1$xVenegono$y1$m1O V 198$j65497$B65497$CSeMilBibl$Z2$F72871 $81 961 $aRecupero: Biblioteca Seminario Liceale 996 $6245$a6$9(OLS)http://semarc/title/51996